00283nam a2200121Ia 4500008004000000082001800040100002000058245002100078260003400099300000800133440000600141650001400147210210b1979 xxu||||| |||| 00| 0 eng d a823.0876 ASIE aASIMOV (Issac). aEarly Asimov V3. aN YbGranada Publishingc1979 a192 a3 aAsimov